Rund um das Gastgewerbe Handbuch für die Praxis im Gast-, Schrank- und Beherbergungsgewerbe

Salvato in:
Dettagli Bibliografici
Autore principale: Büskens, Karl
Altri autori: Hitz, Franz
Natura: Libro
Lingua:tedesco
Pubblicazione: Graz Styria 1966
Tags: Aggiungi Tag
Nessun Tag, puoi essere il primo ad aggiungerne!!

MARC

LEADER 00000nam a2200000 4500
001 c142530
005 20221207070611.1
041 0 |a ger 
044 |a AT 
245 1 0 |a Rund um das Gastgewerbe  |b Handbuch für die Praxis im Gast-, Schrank- und Beherbergungsgewerbe  |c Karl Büskens, Franz Hitz 
264 1 |a Graz  |b Styria  |c 1966 
300 |a 364 s. 
100 1 |a Büskens, Karl 
700 1 |a Hitz, Franz